MARC details
| 000 -LEADER |
| fixed length control field |
02506nam a2200289 4500 |
| 008 - FIXED-LENGTH DATA ELEMENTS--GENERAL INFORMATION |
| fixed length control field |
s2004 fr fre u |
| 020 ## - INTERNATIONAL STANDARD BOOK NUMBER |
| International Standard Book Number |
2710116359 |
| 020 ## - INTERNATIONAL STANDARD BOOK NUMBER |
| International Standard Book Number |
9782710116356 |
| 040 ## - CATALOGING SOURCE |
| Original cataloging agency |
LB-BrCRDP |
| 082 1# - DEWEY DECIMAL CLASSIFICATION NUMBER |
| Classification number |
370.15 |
| Item number |
IMB |
| 100 1# - MAIN ENTRY--PERSONAL NAME |
| Personal name |
Imbert, Francis |
| 245 10 - TITLE STATEMENT |
| Title |
Enfants en souffrance, élèves en échec. |
| Statement of responsibility, etc. |
Francis Imbert |
| 260 ## - PUBLICATION, DISTRIBUTION, ETC. |
| Place of publication, distribution, etc. |
Paris |
| Name of publisher, distributor, etc. |
ESF |
| Date of publication, distribution, etc. |
2004 |
| 300 ## - PHYSICAL DESCRIPTION |
| Extent |
255 p. |
| Dimensions |
24 cm |
| 490 1# - SERIES STATEMENT |
| Series statement |
Pédagogies |
| 500 ## - GENERAL NOTE |
| General note |
Table des matières. |
| 520 ## - SUMMARY, ETC. |
| Summary, etc. |
Mais que sont donc devenus nos élèves ? Les voilà, fascinés par les images, enfermés dans la sidération et le mutisme quand ils ne basculent pas dans l'insulte permanente, indifférents à tout ou, au contraire, sensibles au moindre mot et démarrant au quart de tour.Des " enfants bolides ", qui ne tiennent pas en place et dynamitent, par des comportements incompréhensibles, toutes les situations dans lesquelles ils se trouvent. Des enfants face auxquels le " rappel à l'ordre " comme " la gentillesse fade " n'ont aucune prise. Des enfants qui vivent dans un univers où tout repère, toute limite, tout interdit sont insupportables, où la parole de l'enseignant ne peut plus être entendue.Où plus aucune autorité n'est légitime. Où règne " la corrida " permanente. Ce livre montre que la fatalité peut être renversée, dès lors que l'adulte prend la pédagogie au sérieux. Dès lors qu'il introduit, dans le chaos, des objets et des projets qui structurent l'espace-temps de la classe, permettent la construction du " vivre ensemble " et autorisent l'apparition de " sujets ". " Les enseignants du collège et ceux de l'école primaire se trouvent dans la même situation et sont confrontés au même enjeu : que la parole finisse par l'emporter sur l'image, le désir et le travail sur la jouissance." Et le " miracle " advient parfois : le monde se remet en ordre, les élèves cessent leurs gesticulations, certains même tendent l'oreille, d'autres esquissent un mot, une phrase. Voilà qu'ils trouvent une place : une place dans un groupe, une place face aux adultes. Une place qui permet d'apprendre parce que, tout à la fois, elle confère la sécurité nécessaire et autorise la prise de risque. |
| 650 4# - SUBJECT ADDED ENTRY--TOPICAL TERM |
| Topical term or geographic name entry element |
Autorité |
| 650 4# - SUBJECT ADDED ENTRY--TOPICAL TERM |
| Topical term or geographic name entry element |
Relation maître - élève |
| 650 4# - SUBJECT ADDED ENTRY--TOPICAL TERM |
| Topical term or geographic name entry element |
Pédagogie |
| 650 4# - SUBJECT ADDED ENTRY--TOPICAL TERM |
| Topical term or geographic name entry element |
Motivation |
| 650 4# - SUBJECT ADDED ENTRY--TOPICAL TERM |
| Topical term or geographic name entry element |
Psychopédagogie |
| 650 4# - SUBJECT ADDED ENTRY--TOPICAL TERM |
| Topical term or geographic name entry element |
Echec scolaire |
| 830 #0 - SERIES ADDED ENTRY--UNIFORM TITLE |
| Uniform title |
Pédagogies |
| Name of part/section of a work |
Recherche |
| 942 ## - ADDED ENTRY ELEMENTS (KOHA) |
| Koha item type |
Books |